| 000 | 02133cam a2200301 a 4500 | ||
|---|---|---|---|
| 999 |
_c21310 _d21310 |
||
| 001 | 17110132 | ||
| 003 | OSt | ||
| 005 | 20170121111453.0 | ||
| 008 | 120109s2013 maua b 001 0 eng | ||
| 010 | _a 2011053398 | ||
| 020 | _a9780132911986 | ||
| 020 | _a0132911981 | ||
| 040 |
_aDLC _cDLC _dDLC |
||
| 042 | _apcc | ||
| 050 | 0 | 0 | _aHB172 .H83 2013 |
| 082 | 0 | 0 |
_a338.5 _223 |
| 100 | 1 |
_aHubbard, R. Glenn. _d2013 |
|
| 245 | 1 | 0 |
_aMicroeconomics / _cR. Glenn Hubbard, Anthony Patrick O'Brien. |
| 250 | _a4th ed. | ||
| 260 |
_aBoston : _bPearson, _c2013. |
||
| 300 |
_axlvi, 612 p. : _b ill. ; _c28 cm. |
||
| 490 | 0 | _aThe Pearson series in economics | |
| 500 | _aIncludes bibliographical references and index. | ||
| 505 | 0 | _aEconomics : foundations and models -- Trade-offs, comparative advantage, and the market system -- Where prices come from : the interaction of demand and supply -- Economic efficiency, government price setting, and taxes -- Markets in action : policy and applications -- Externalities, environmental policy, and public goods -- Elasticity : the responsiveness of demand and supply -- The economics of health care -- Firms in the domestic and international economies -- Firms, the stock market, and corporate governance -- Comparative advantage and the gains from international trade -- Consumer choice and behavioral economics -- Technology, production, and costs -- Market structure and firm strategy -- Firms in perfectly competitive markets -- Monopolistic competition : the competitive model in a more realistic setting -- Oligopoly : firms in less competitive markets -- Monopoly and antitrust policy -- Pricing strategy -- Labor markets, public choice, and the distribution of income -- The markets for labor and other factors of production -- Public choice, taxes, and the distribution of income. | |
| 650 | 0 | _aMicroeconomics. | |
| 700 | 1 | _aO'Brien, Anthony Patrick. | |
| 906 |
_a7 _bcbc _corignew _d1 _eecip _f20 _gy-gencatlg |
||
| 942 |
_2lcc _cBOOKS _hHB172 .H83 2013 _k30727 |
||